000 01572cam a22004574i 4500
003 PE-LiUPU
005 20250731173243.0
008 150625s r 000 0 d
035 _a(Sirsi) a35364
040 _aPE-LiUPU
_bspa
_cPE-LiUPU
_erda
049 _aPRUA
082 0 4 _a224.1
_bR621t
_221
100 1 _aRivera Florit, Josep,
_eautor.
245 1 3 _aEl Targum de Isaias :
_cJosep Rivera Florit.
_bLa versión aramea del profeta Isaías /
264 1 _aValencia, España :
_bArtes Gráficas Soler,
_c1988.
300 _a277 páginas ;
_c24 centímetros.
336 _atext
_2rdacontent
337 _aunmediated
_2rdamedia
338 _avolume
_2rdacarrier
490 _a(Biblioteca Midrásica ;
_v6)
505 0 _aTraducción castellana del Targum de Isaías -- Fragmentos del Targum Palestinense.
526 _aSEG42
526 _aSEG41
526 _aSEG40
526 _aSEG39
526 _aP94
526 _aP87
526 _aP86
526 _aP85
526 _aP77
526 _aP76
526 _aP35
630 0 _aBiblia.
_pIsaias
_xCrítica, interpretación, etc.
_93792
650 2 4 _aTargum Isaías
_93793
942 _2ddc
_cBK
949 _a230.922 R52
_wDEWEY
_c1
_i39122
_lCCODEBUL1
_mBUL
_p00.00
_r0
_sY
_tBOOK
_u2015-06-25
_xBIBLIOTECA
_zUNKNOWN
_0COMPRA
_o.STAFF. Colección General
949 _a230.922 R52
_wDEWEY
_c2
_i39123
_lCCODEBUL1
_mBUL
_p00.00
_r0
_sY
_tBOOK
_u2015-06-25
_xBIBLIOTECA
_zUNKNOWN
_0COMPRA
_o.STAFF. Colección General
980 _81
_gALBERTO SANCHEZ Responsable de Automatización
999 _c43320
_d43320